000 00604nam a2200181Ia 4500
003 GCL
008 140319s9999 xx 000 0 ara d
040 _aGCL /
_cGCL
082 0 4 _a347.04
_bع ح
100 1 _aعبدالحميد الشواربى
_vPurified
_@
…هذب
245 1 0 _aالحراسة القضائية فى ضوء القضاء والفقه /
_cعبدالحميد الشواربى
260 _a[S.N] :
_bالمكتبة القانونية ،
_c1991
490 _a
650 0 4 _aالقانون
650 0 4 _aالحراسة
650 0 4 _aتنفيذ الاحكام
942 _2ddc
_cBK
999 _c52799
_d52799